000 00773nam a2200265Ia 4500
003 OSt
005 20220925214104.0
006 a|||||r|||| 00| 0
007 ta
008 220923b |||||||| |||| 00| 0 eng d
020 _a0312617666
037 _cGeneral Book
040 _aRTL
_cRTL
_beng
041 _2eng
_aeng
082 _aU5, M3
100 _aKliot Nurit Ed.
_9279554
245 0 _aPluralism and political geography
_b People, territory and state
260 _aLondon
_bCroom Helm
_c1983
300 _a323p
_ccm.
500 _aBibliography Chapterwise
650 _aPolitical Geography
700 _a Waterman Stanley Ed.
_9279555
942 _hU5, M3
_cGB
_2CC
999 _c564445
_d564445